Statystyki dla Największe miasta w 15 róznych Stanach w USA - Dla Ignacego

Kliknij tutaj aby rozwiązać quiz!

Ogólne statystyki

  • Ten quiz został rozwiązany 1 031 razy
  • Średni wynik to 8 z 15

Statystyki odpowiedzi

StanMiasto% Poprawnych
Nowy JorkNowy Jork
98%
KaliforniaLos Angeles
89%
NevadaLas Vegas
71%
IllinoisChicago
68%
HawajeHonolulu
63%
WaszyngtonSeattle
63%
TeksasHouston
61%
MassachusettsBoston
52%
ArizonaPhoenix
51%
KoloradoDenver
48%
UtahSalt Lake City
40%
MinnesotaMinneapolis
34%
FlorydaJacksonville
32%
Nowy MeksykAlbuquerque
25%
Rhode IslandProvidence
19%

Rozkład punktacji

Percentyl według liczby udzielonych odpowiedzi

Procent ludzi z każdym wynikiem

Twoja historia wyników

Nie rozwiązałeś tego quizu